Egyptian mummies /

Saved in:

Main Author: Adams, Barbara, 1945-2002.

Format: Book

Language: English

Published: Princes Risborough, Aylesbury, Bucks, UK : Shire Publications, 1984.

Series: Shire Egyptology ; 1.
ShirEgypt ; 1.

Subjects:

Tags: Add Tag

No Tags, Be the first to tag this record!

Call Number: DT57 .S25 v.1

LEADER 00935cam a2200313 a 4500
001 ocm13703233
003 OSt
005 20260421142233.0
008 841109s1984 enka b 001 0 eng
010 |a  84237497  
020 |a 9780852636992  |q (pbk.) 
020 |a 0852636997  |q (pbk.) 
040 |c ARCE Library 
043 |a f-ua--- 
050 4 |a DT57 .S25 v.1 
100 1 |a Adams, Barbara,  |d 1945-2002. 
245 1 0 |a Egyptian mummies /  |c Barbara Adams. 
264 1 |a Princes Risborough, Aylesbury, Bucks, UK :  |b Shire Publications,  |c 1984. 
300 |a 64 pages :  |b illustrations ;  |c 21 cm. 
490 1 |a Shire Egyptology ;  |v 1. 
490 1 |a ShirEgypt ;   |v 1. 
504 |a Includes bibliographical references (pages 55-60) and index. 
650 0 |a Mummies  |z Egypt. 
651 0 |a Egypt  |x Antiquities. 
830 0 |a Shire Egyptology ;  |v 1. 
830 0 |a ShirEgypt ;   |v 1. 
901 |a reviewed 
942 |2 lcc  |c BK 
999 |c 55473  |d 55473